| 000 | 00759nam a2200205Ii 4500 | ||
|---|---|---|---|
| 003 | JO-AjNU | ||
| 008 | 230605s9999||||xx |||||||||||||| ||und|| | ||
| 017 | _a2003/8/1580 | ||
| 040 |
_aJO-AjNU _bara _erda _cJO-AjNU |
||
| 041 | _aara | ||
| 050 | 1 | 4 | _aPG3230.5 2003 |
| 100 | 3 |
_aبوشكين، الكسندر؛ ترجمة عبد الهادي صالح الدهيسات, _eauthor _948558 |
|
| 245 | 0 | 0 | _aملحمة يفغيني اونيغين |
| 264 | 3 | 1 | _aعمان:وزارة الثقافة,2003 |
| 300 | _a329ص | ||
| 336 |
_atext _btxt _2rdacontent |
||
| 337 |
_aunmediated _bn _2rdamedia |
||
| 338 |
_avolume _bnc _2rdacarrier |
||
| 650 | 4 |
_aالشعر الروسي- القرن التاسع عشر-الادب المترجم-اللغة الروسية _948559 |
|
| 999 |
_aA21273 _c24841 _d24841 |
||